<?xml version="1.0" encoding="UTF-8"?>
<record
    xmlns:xsi="http://www.w3.org/2001/XMLSchema-instance"
    xsi:schemaLocation="http://www.loc.gov/MARC21/slim http://www.loc.gov/standards/marcxml/schema/MARC21slim.xsd"
    xmlns="http://www.loc.gov/MARC21/slim">

  <leader>01073nam a2200241 i 4500</leader>
  <controlfield tag="001">bg</controlfield>
  <datafield tag="100" ind1="1" ind2=" ">
    <subfield code="a">RE&#x15A;, Janusz</subfield>
  </datafield>
  <datafield tag="245" ind1="1" ind2="0">
    <subfield code="a">Rozdrabnianie ponadwymiarowych bry&#x142; skalnych metod&#x105; elektrohydrauliczn&#x105; /</subfield>
    <subfield code="c">Janusz Re&#x15B;.</subfield>
  </datafield>
  <datafield tag="246" ind1="1" ind2="1">
    <subfield code="a">Shattering of over size blocks using electrohydraulic method</subfield>
  </datafield>
  <datafield tag="260" ind1=" " ind2=" ">
    <subfield code="a">Krak&#xF3;w :</subfield>
    <subfield code="b">Uczelniane Wydawnictwa Naukowo-Dydaktyczne AGH,</subfield>
    <subfield code="c">1998.</subfield>
  </datafield>
  <datafield tag="300" ind1=" " ind2=" ">
    <subfield code="a">118, [1] s. :</subfield>
    <subfield code="b">fot. (w tym kolor.), rys., wykr. ;</subfield>
    <subfield code="c">24 cm.</subfield>
  </datafield>
  <datafield tag="490" ind1="1" ind2=" ">
    <subfield code="a">Rozprawy, Monografie / [Akademia G&#xF3;rniczo-Hutnicza im. Stanis&#x142;awa Staszica] =</subfield>
    <subfield code="a">Dissertations, Monographies,</subfield>
    <subfield code="x">0867-6631 ;</subfield>
    <subfield code="v">75</subfield>
  </datafield>
  <datafield tag="500" ind1=" " ind2=" ">
    <subfield code="a">Tyt. r&#xF3;wnol. : Shattering of over size blocks using electrohydraulic method. - Streszcz. ang.</subfield>
  </datafield>
  <datafield tag="504" ind1=" " ind2=" ">
    <subfield code="a">Bibliogr. s. 111-[119].</subfield>
  </datafield>
  <datafield tag="650" ind1=" " ind2="9">
    <subfield code="a">Rozdrabnianie</subfield>
    <subfield code="x">metody</subfield>
  </datafield>
  <datafield tag="650" ind1=" " ind2="9">
    <subfield code="a">Ska&#x142;y</subfield>
    <subfield code="x">g&#xF3;rnictwo</subfield>
    <subfield code="x">narz&#x119;dzia i maszyny</subfield>
  </datafield>
  <datafield tag="830" ind1=" " ind2="0">
    <subfield code="a">Rozprawy, Monografie ([Akademia G&#xF3;rniczo-Hutnicza im. Stanis&#x142;awa Staszica]) ;</subfield>
    <subfield code="v">75</subfield>
  </datafield>
  <datafield tag="040" ind1=" " ind2=" ">
    <subfield code="c">BPK</subfield>
  </datafield>
  <datafield tag="041" ind1="0" ind2=" ">
    <subfield code="a">pl</subfield>
    <subfield code="b">en</subfield>
  </datafield>
  <datafield tag="080" ind1=" " ind2=" ">
    <subfield code="a">622.35:622.23</subfield>
  </datafield>
  <datafield tag="942" ind1=" " ind2=" ">
    <subfield code="c">KS</subfield>
  </datafield>
  <controlfield tag="008">      s        pl     f     |000 0 pol  </controlfield>
  <datafield tag="999" ind1=" " ind2=" ">
    <subfield code="c">38342</subfield>
    <subfield code="d">38342</subfield>
  </datafield>
  <datafield tag="856" ind1=" " ind2=" ">
    <subfield code="u">http://koha.tu.koszalin.pl/cgi-bin/koha/opac-detail.pl?biblionumber=38342</subfield>
    <subfield code="y">Katalog online BPK</subfield>
  </datafield>
  <datafield tag="952" ind1=" " ind2=" ">
    <subfield code="0">0</subfield>
    <subfield code="1">0</subfield>
    <subfield code="4">0</subfield>
    <subfield code="7">0</subfield>
    <subfield code="a">BPK</subfield>
    <subfield code="b">BPK</subfield>
    <subfield code="c">w</subfield>
    <subfield code="o">55830</subfield>
    <subfield code="p">01511932</subfield>
    <subfield code="s">2019-03-28</subfield>
    <subfield code="y">KS</subfield>
  </datafield>
</record>
